Movies Quiz

Random Movies or Cast Quiz

Movies by Stars Quiz Stats

 Plays Quiz not verified by Sporcle

Score 0/20 Timer 10:00
0 Plays Today
Stars Movie % Correct
Sean Penn, Tim Robbins, Kevin BaconMystic River
97.7%
John Cusack, Cameron Diaz, John MalkovichBeing John Malkovich
93%
Clint Eastwood, Eli Wallach, Lee Van CleefThe Good, The Bad, and the Ugly
88.4%
Sylvester Stallone, Hulk Hogan, Mr. TRocky III
83.7%
Mickey Rourke, Marisa Tomei, Evan Rachel WoodThe Wrestler
83.7%
Mel Gibson, Joaquin Phoenix, Abigail BreslinSigns
81.4%
Jack Lemmon, Tony Curtis, Marilyn MonroeSome Like It Hot
81.4%
Daniel Craig, Rooney Mara, Stellan SkarsgårdThe Girl with the Dragon Tattoo
79.1%
Jeff Bridges, Matt Damon, Josh BrolinTrue Grit
74.4%
Al Pacino, Kevin Spacey, Jack LemmonGlengarry Glen Ross
67.4%
Stars Movie % Correct
Gary Cooper, Grace Kelly, Lon ChaneyHigh Noon
67.4%
Patrick Swayze, Rob Lowe, Tom CruiseThe Outsiders
65.1%
Hugh Jackman, Jake Gyllenhaal, Paul DanoPrisoners
60.5%
George Clooney, Meryl Streep, Bill MurrayFantastic Mr. Fox
51.2%
Michael Pitt, Eva Green, Jean-Pierre LéaudThe Dreamers
46.5%
Mia Farrow, Michael Caine, Max Von SydowHannah and Her Sisters
44.2%
Dan Aykroyd, John Belushi, Toshiro Mifune1941
41.9%
Phillip Seymour Hoffman, Catherine Keener, Michelle WilliamsSynecdoche, New York
34.9%
Anna Karina, Jean-Paul Belmondo, Jean-Claude BrialyA Woman Is a Woman
14%
Setsuko Hara, Toshiro Mifune, Takashi ShimuraThe Idiot
11.6%

You're not logged in!

Compare scores with friends on all Sporcle quizzes.
Join for Free
OR
Log In

You Might Also Like...

Show Comments

Extras

Created Apr 24, 2015ReportNominate
Tags:Cast Quiz, star

Top Quizzes Today


Score Distribution

Your Account Isn't Verified!

In order to create a playlist on Sporcle, you need to verify the email address you used during registration. Go to your Sporcle Settings to finish the process.

Report this User

Report this user for behavior that violates our Community Guidelines.

Details: